Прогнозирование сравнительной стойкости вершин многогранных твердосплавных режущих пластин по их температуропроводности: автореферат диссертации на соискание ученой степени кандидата технических наук; спец. 05.03.01

التفاصيل البيبلوغرافية
المؤلف الرئيسي: Бибик В. Л. Владислав Леонидович
مؤلف مشترك: Томский политехнический университет
مؤلفون آخرون: Пушных В. А. Виктор Александрович (научный руководитель)
الملخص:Защита сост. 27.06.2000
اللغة:الروسية
منشور في: Томск, [Б. и.], 2000
الموضوعات:
التنسيق: كتاب
KOHA link:https://koha.lib.tpu.ru/cgi-bin/koha/opac-detail.pl?biblionumber=22355

MARC

LEADER 00000nam0a2200000 4500
001 22355
005 20240112161817.0
035 |a (RuTPU)RU\TPU\book\22568 
035 |a BOOK00000331 
090 |a 22355 
100 |a 20011209d2000 k y0rusy50 ca 
101 0 |a rus 
102 |a RU 
105 |a y dm 000zy 
200 1 |a Прогнозирование сравнительной стойкости вершин многогранных твердосплавных режущих пластин по их температуропроводности  |e автореферат диссертации на соискание ученой степени кандидата технических наук  |e спец. 05.03.01  |f В. Л. Бибик  |g Томский политехнический университет; науч. рук. В. А. Пушных 
210 |a Томск  |c [Б. и.]  |d 2000 
215 |a 16 с. 
300 |a Защита сост. 27.06.2000 
452 1 |0 (RuTPU)RU\TPU\book\48760  |t Прогнозирование сравнительной стойкости вершин многогранных твердосплавных режущих пластин по их температуропроводности  |o Автореферат диссертации на соискание ученой степени кандидата технических наук:  |f В. Л. Бибик  |g Томский политехнический университет; Науч. рук.: В. А. Пушных  |c Томск  |d 2000  |a Бибик, Владислав Леонидович 
610 1 |a машиностроение 
610 1 |a режущие инструменты 
610 1 |a пластины твердосплавные 
610 1 |a стойкость 
610 1 |a температуропроводность 
610 1 |a авторефераты диссертаций 
675 |a 621.9.025.72(04)  |v 3 
686 |a 05.03.01  |2 oksvnk 
700 1 |a Бибик  |b В. Л.  |c специалист в области машиностроения  |c доцент Юргинского технологического института (филиала) Томского политехнического университета, кандидат технических наук  |f 1970-  |g Владислав Леонидович  |3 (RuTPU)RU\TPU\pers\24496  |9 10819 
702 1 |a Пушных  |b В. А.  |c специалист в области менеджмента  |c доцент Томского политехнического университета, кандидат технических наук  |f 1950-  |g Виктор Александрович  |4 727 
712 0 2 |a Томский политехнический университет  |3 (RuTPU)RU\TPU\col\376 
801 0 |a RU  |b 63413507  |c 20011209  |g PSBO 
801 2 |a RU  |b 63413507  |c 20221130  |g PSBO 
942 |c BK